000 00377nam a2200145Ia 4500
008 230312s9999||||xx |||||||||||||| ||und||
020 _a0-19-568705-1
082 _a621.381
_bYAR-P
100 _aYariv;Amnon
245 0 _aPhotonics optical electronics in modern communication
260 _boxford
_aUK
_c2007
300 _a836
650 _aEngineering
_vAvionics
942 _cBK
999 _c12407
_d12407